Hoá học và công nghệ sản xuất xi măng

Nội dung tài liệu trình bày khái niệm, đặc điểm, tính chất, quá trình của vôi xây dựng, thạch cao xây dựng. Đặc trưng, thành phần, nguyên liệu, nhiên liệu gia công, chuẩn bị, quá trình nung luyện, nghiền, hoá lí quá trình đóng rắn của xi măn...

Descripció completa

Guardat en:
Dades bibliogràfiques
Autor principal: Võ Đình Lương
Format: Llibre
Idioma:Vietnamese
Publicat: H. Khoa học và Kỹ thuật 2008
Matèries:
Etiquetes: Afegir etiqueta
Sense etiquetes, Sigues el primer a etiquetar aquest registre!
Thư viện lưu trữ: Thư viện Trường Đại học Nam Cần Thơ
LEADER 01596aam a22002298a 4500
001 NCT_5620
008 080811s2008 ||||||viesd
999 |c 285  |d 285 
020 |c 44000 
082 0 4 |2 23rd ed.  |a 666  |b L561 
100 1 |a Võ Đình Lương 
245 1 0 |a Hoá học và công nghệ sản xuất xi măng  |c Võ Đình Lương 
260 |a H.  |b Khoa học và Kỹ thuật  |c 2008 
300 |a 235tr.  |b minh hoạ  |c 24cm 
520 3 |a Nội dung tài liệu trình bày khái niệm, đặc điểm, tính chất, quá trình của vôi xây dựng, thạch cao xây dựng. Đặc trưng, thành phần, nguyên liệu, nhiên liệu gia công, chuẩn bị, quá trình nung luyện, nghiền, hoá lí quá trình đóng rắn của xi măng Portland. Giới thiệu các loại xi măng thông dụng khác như: xi măng Porland - Puzoland. Porland - xỉ và xi măng Alumin 
653 |a Sản xuất xi măng 
655 |a Công nghệ Kỹ thuật hóa học 
942 |2 ddc  |c BK 
952 |0 0  |1 0  |2 ddc  |4 0  |6 666_000000000000000_L561  |7 0  |9 1885  |a 000001  |b 000001  |d 2017-10-23  |o 666 L561  |p MD.04645  |r 2017-10-23  |v 44000.00  |w 2017-10-23  |y BK 
952 |0 0  |1 0  |2 ddc  |4 0  |6 666_000000000000000_L561  |7 0  |9 1886  |a 000001  |b 000001  |d 2017-10-23  |o 666 L561  |p MD.04646  |r 2017-10-23  |v 44000.00  |w 2017-10-23  |y BK 
952 |0 0  |1 0  |2 ddc  |4 0  |6 666_000000000000000_L561  |7 0  |9 1887  |a 000001  |b 000001  |d 2017-10-23  |o 666 L561  |p MD.04647  |r 2017-10-23  |v 44000.00  |w 2017-10-23  |y BK 
980 |a Thư viện Trường Đại học Nam Cần Thơ